Educaciones diferenciales. Teoría, técnica y práctica.

সংরক্ষণ করুন:
গ্রন্থ-পঞ্জীর বিবরন
প্রধান লেখক: Simmons, George F (autor)
বিন্যাস: গ্রন্থ
প্রকাশিত: México, D.F., México: McGraw Hill, 2007.
বিষয়গুলি:
ট্যাগগুলো: ট্যাগ যুক্ত করুন
কোনো ট্যাগ নেই, প্রথমজন হিসাবে ট্যাগ করুন!

MARC

LEADER 00000nam a22000007a 4500
003 CL-VaPUC
005 20230726151310.0
008 230724t2007 ||||| |||| 00| 0 eng d
999 |c 441401  |d 441399 
020 |a 978-970-10-6143-5 
040 |c Pontificia Universidad Católica de Valparaíso 
082 7 |a 515.35 SIM 2007  |2 22 
100 |a Simmons, George F  |9 304543  |e autor 
245 |a Educaciones diferenciales.  |b Teoría, técnica y práctica.  
260 |a México, D.F., México:   |b McGraw Hill,   |c 2007. 
300 |a xiii, 533 páginas.  
500 |a c.1. Donación MEM Nº03/23 -(MAT 20-7-2023) 
583 |c 20230724  |k GC 
650 0 |a Ecuaciones diferenciales  |9 260083 
942 |2 ddc  |c BK 
952 |0 0  |1 0  |2 ddc  |4 0  |6 515_350000000000000_SIM_2007  |7 0  |8 A  |9 590940  |a BIBMAT  |b BIBMAT  |c GEN  |d 2023-07-24  |e Donación   |i 5658117  |l 3  |m 3  |o 515.35 SIM 2007  |p 5658117  |r 2025-01-07  |s 2024-08-27  |t 1  |w 2023-07-24  |y BK  |k MAT